Normal view
MARC view
Entry Personal Name
001 - CONTROL NUMBER
- control field: 30353
003 - CONTROL NUMBER IDENTIFIER
- control field: ARRUPE
005 - DATE AND TIME OF LATEST TRANSACTION
- control field: 20170503111921.0
008 - FIXED-LENGTH DATA ELEMENTS
- fixed length control field: 170503|| aca||aabn | a|a d
040 ## - CATALOGING SOURCE
- Original cataloging agency: ARRUPE
- Transcribing agency: ARRUPE
100 ## - HEADING--PERSONAL NAME
- Personal name: Rita-Ferreira, Antonio
670 ## - SOURCE DATA FOUND
- Source citation: Work cat.: (ARRUPE)59632: Rita-Ferreira, Antonio, Fixacao Portuguesa e Historia Pre-colonial de Mocambique, 1982